|
|
|
|
| LEADER |
00000nab a2200000 a 4500 |
| 001 |
vtls011101655 |
| 003 |
SK-MaSNL |
| 005 |
20260303150027.0 |
| 008 |
230222|1983 xo |||||||||||||||||slo| |
| 015 |
|
|
|a SNBRB
|
| 035 |
|
|
|a (uuid)de9c7b00-f22e-4bf2-b499-24a6e17d8f09
|
| 035 |
|
|
|a (urnnbn)urn:nbn:sk:snk:ar-0079nx
|
| 035 |
|
|
|a urn:nbn:sk:snk-ab97uw
|
| 040 |
|
|
|a SNKBUCL
|b slo
|c SNKBUCL
|e AACR2
|
| 041 |
0 |
|
|a slo
|
| 044 |
|
|
|a xo
|c SK
|
| 100 |
1 |
|
|a Ruttkay, Fraňo,
|d 1928-2002
|4 aut
|9 87714
|
| 245 |
1 |
0 |
|a Prvý slovenský časopis pre hnutie proletárskych žien za rovnoprávnosť
|c Fraňo Ruttkay
|
| 773 |
0 |
|
|t Studia Academica Slovaca : prednášky ... letnej školy slovenského jazyka a kultúry
|g Roč. 12, č. 12 (1983), s. [405]-423
|
| 954 |
|
|
|a odborná, vedecká literatúra pôvodná (slovenská)
|2 lita
|
| 958 |
|
|
|a OND
|
| 958 |
|
|
|a EUIPO
|
| 958 |
|
|
|a article13
|
| 999 |
|
|
|c 2006921
|d 2008851
|